| 000 | 00790nam a22002051i 4500 | ||
|---|---|---|---|
| 001 | 179599 | ||
| 003 | ES-MaACL | ||
| 005 | 20250730024614.0 | ||
| 008 | 111226s1908 sp |||| | spa d | ||
| 100 | 1 |
_aLecha Martínez, Luis. _971062 |
|
| 245 | 1 | 3 |
_aLa sífilis como causa de degeneración del individuo y de la especie / _cpor el Dr. D. Luis Lecha y Martínez. |
| 260 |
_aMadrid : _bSociedad Española de Higiene, _c1908. |
||
| 300 |
_a31 p. ; _c21 cm. |
||
| 490 | 1 |
_aLegado Roel: Colección de Memorias Premiadas ; _v2 |
|
| 650 | 0 | 4 |
_aSífilis. _917092 |
| 710 | 2 |
_aSociedad Española de Higiene. _96725 |
|
| 830 | 0 | 0 |
_aLegado Roel: Colección de memorias premiadas _v2 _9183286 |
| 852 |
_aES-MaACL _jC-8171(2) _z.- Encuadernado con otras obras |
||
| 999 |
_c179599 _d179599 |
||